Entry Personal Name
Number of records used in: 1
001 - CONTROL NUMBER
003 - CONTROL NUMBER IDENTIFIER
005 - DATE AND TIME OF LATEST TRANSACTION
- control field:
20221029133635.0
008 - FIXED-LENGTH DATA ELEMENTS
- fixed length control field:
090210n| acannaabn |a aaa c
010 ## - LIBRARY OF CONGRESS CONTROL NUMBER
- LC control number:
no2009020463
035 ## - SYSTEM CONTROL NUMBER
- System control number:
(OCoLC)oca08011161
040 ## - CATALOGING SOURCE
- Original cataloging agency:
IEN
- Language of cataloging:
eng
- Transcribing agency:
IEN
- Modifying agency:
IaU
100 1# - HEADING--PERSONAL NAME
- Personal name:
Johansen, Donald Alexander,
- Dates associated with a name:
1901-
400 1# - SEE FROM TRACING--PERSONAL NAME
- Personal name:
Johansen, Donald A.
670 ## - SOURCE DATA FOUND
- Source citation:
Studies on the morphology of the Onagraceae--V. Zauschneria latifolia, 1931:
- Information found:
t.p. (Donald A. Johansen)